Príprava polotovaru pre žiarové pozinkovanie tenkých drôtov

Gespeichert in:
Bibliographische Detailangaben
1. Verfasser: Kozák, Miloš, 1975- (Verfasst von)
Weitere Verfasser: Tittel, Viktor, 1948- (Betreuung Doktorarbeit)
Format: Manuskript Buch
Sprache:Slowakisch
Veröffentlicht: STU v Bratislave MTF UVTE KT, 2010
Online-Zugang:VAIS
Tags: Tag hinzufügen
Keine Tags, Fügen Sie das erste Tag hinzu!

MARC

LEADER 00000ntm a22000003a 4500
001 stu206301
005 20160719160308.3
008 100702s2010------------------------slo-d
040 |a STU  |b slo 
041 0 |a slo 
100 1 |a Kozák, Miloš,  |d 1975-  |4 aut  |X 31611  |7 A000031611 
242 0 0 |a Preparing for the semi-hot galvanizing thin wires  |y eng 
245 1 |a Príprava polotovaru pre žiarové pozinkovanie tenkých drôtov  
260 |b STU v Bratislave MTF UVTE KT,  |c 2010 
700 1 |a Tittel, Viktor,  |d 1948-  |4 ths  |u M3000  |U MTF Materiálovotechnologická fakulta  |T MTF Ústav výrobných technológií  |X 2213  |U M3000  |Y 83  |7 A000002213 
856 4 |a info a plný text  |u http://is.stuba.sk/zp/portal_zp.pl?podrobnosti=58725  |3 VAIS 
996 |c M*DP-9012  |l MMSKP  |s P  |a 0  |w stu206301_0001